00438cam a22001097a 4500008003600000082002300036100001600059245008900075260008400164300001000248440007000258180718b xxu||||| |||| 00| 0 eng d aT000x547 55d/Ass-5 aSadeque, A. aOutlines of a plan for the harmonous economic development of Pakistancby A. Sadeque aDaccabProvincial Statistical Board and Bureau of Commerical and Intelligencec a101p. aSeries no. V of - an analytical study of the draft five year plan